<?xml version="1.0" encoding="UTF-8"?>
<collection xmlns="http://www.loc.gov/MARC21/slim">
 <record>
  <leader>02560cam a2200289 7i4500</leader>
  <controlfield tag="001">0000054759</controlfield>
  <controlfield tag="005">20230721090000.0</controlfield>
  <controlfield tag="008">180823  Eng</controlfield>
  <datafield tag="040" ind1=" " ind2=" ">
   <subfield code="a">TSAM Library</subfield>
  </datafield>
  <datafield tag="090" ind1="0" ind2="0">
   <subfield code="a">TJ145 </subfield>
   <subfield code="b">IBR 2018</subfield>
  </datafield>
  <datafield tag="100" ind1="1" ind2="1">
   <subfield code="a">Ibrahim, Abu Bakar </subfield>
  </datafield>
  <datafield tag="245" ind1="1" ind2="0">
   <subfield code="a">Investigation on the Effect of Compaction and Compressive Strength of Clllayey Soil Using Glass Fiber  </subfield>
   <subfield code="c">Ibrahim Abu Bakar.</subfield>
  </datafield>
  <datafield tag="264" ind1=" " ind2="0">
   <subfield code="a">Nilai: </subfield>
   <subfield code="b">INTI International University, </subfield>
   <subfield code="c">January 2018.</subfield>
  </datafield>
  <datafield tag="264" ind1=" " ind2="1">
   <subfield code="a">♭2018.</subfield>
  </datafield>
  <datafield tag="300" ind1=" " ind2=" ">
   <subfield code="a">x, 65: </subfield>
   <subfield code="b">ill.; </subfield>
   <subfield code="c">30 cm.</subfield>
  </datafield>
  <datafield tag="336" ind1=" " ind2=" ">
   <subfield code="a">text</subfield>
   <subfield code="2">rdacontent</subfield>
  </datafield>
  <datafield tag="337" ind1=" " ind2=" ">
   <subfield code="a">unmediated</subfield>
   <subfield code="2">rdamedia</subfield>
  </datafield>
  <datafield tag="338" ind1=" " ind2=" ">
   <subfield code="a">volume</subfield>
   <subfield code="2">rdacarrier</subfield>
  </datafield>
  <datafield tag="500" ind1="0" ind2="0">
   <subfield code="a">BCEGI 51</subfield>
  </datafield>
  <datafield tag="500" ind1="0" ind2="0">
   <subfield code="a">BEng (Hons) in Civil Engineering Jannuary 2018</subfield>
  </datafield>
  <datafield tag="501" ind1="0" ind2="0">
   <subfield code="a">FEQS-CIVIL 2018</subfield>
  </datafield>
  <datafield tag="501" ind1="0" ind2="0">
   <subfield code="a">Construction or roads and other civil engineering structures on a loose or soft soil is risky due to its high compressibility, low shear strength, and high permeability. In such situations, it is general practice to modify the soil properties by blending with different materials such as lime, cement and fly ash or by reinforcing the soil. The soil that was used for this research was classified as clay soil and the stabilizer used is Glass fiber. The optimum moisture content of the clay with and without glass fiber was found. Clay with glass fiber had higher Optimum moisture content compared to the virgin soil. Virgin soil OMC was 13.7% and soil with Glass fiber 1%, 2.5%, 4% and 5% had 14%, 14.9%, 15.9% and 16.3% of OMC. Whereas the dry density of the soil increase as the glass fiber was added into the soil. Dry Density of virgin soil was 1.87 g/cm3and for soil with glass fiber 1%, 2.5%, 4% and 5% had 1.84 g/cm3, 1.77 g/cm3, 1.76 g/cm3and 1.72 g/cm3. The compressive strength was also tested and soil with glass fiber showed decent increase in stress compared to the virgin soil.Compressive Stress for virgin soil was 396.24 and for soil with Glass fiber 1%, 2.5%, 4% and 5% was tested to be 539.34, 732.54, 840.69 and 886.20. It can be concluded that glass fiber can be used on construction sites as a mode of soil stabilizer and to improve its strength.</subfield>
  </datafield>
  <datafield tag="502" ind1="0" ind2="0">
   <subfield code="a">Being a project report submitted to INTI International University as a requirements for Bachelor Of Engineering (Hons) in Civil Engineering January 2018 under the managment and supervision of Faculty of Engineering &amp; Quantity Surveying, INTI International University</subfield>
  </datafield>
  <datafield tag="650" ind1="0" ind2="0">
   <subfield code="a">Dissertations, academic -- </subfield>
   <subfield code="x">Engineering </subfield>
  </datafield>
  <datafield tag="650" ind1="0" ind2="0">
   <subfield code="a">Civil Engineering </subfield>
  </datafield>
  <datafield tag="650" ind1="0" ind2="0">
   <subfield code="a">BCEGI </subfield>
  </datafield>
  <datafield tag="856" ind1=" " ind2=" ">
   <subfield code="u">http://intilib.intimal.edu.my/equip-intin/custom/home.jsp</subfield>
  </datafield>
 </record>
</collection>
